[Event "Ruhrgebiet Verbandsklasse Gruppe 3 1718"]
[Site "Germany"]
[Date "2017.09.17"]
[Round "1.4"]
[White "Kraus, Torsten"]
[Black "Schmidt, Ralph"]
[Result "1-0"]
[WhiteElo "1756"]
[BlackElo "1898"]
[PlyCount "85"]
[EventDate "2017.09.17"]
[EventType "team-tourn"]
[EventRounds "9"]
[EventCountry "GER"]
[SourceTitle "EXT 2022"]
[Source "ChessBase"]
[SourceDate "2021.10.06"]
[SourceVersion "1"]
[SourceVersionDate "2021.10.06"]
[SourceQuality "1"]
[WhiteTeam "Winz Baak SG"]
[BlackTeam "Bochum-Linden"]
[WhiteTeamCountry "GER"]
[BlackTeamCountry "GER"]

1. d4 e5 2. dxe5 Nc6 3. Nf3 Nge7 4. Bg5 h6 5. Bh4 g5 6. Bg3 Bg7 7. h3 Ng6 8. e3 Ncxe5 9. Nxe5 Nxe5 10. c3 d5 11. Nd2 Be6 12. Nf3 Nxf3+ 13. Qxf3 c6 14. Bd3 Qb6 15. Qe2 Qc5 16. Qc2 Qe7 17. 0-0-0 0-0 18. Kb1 b5 19. f4 f6 20. f5 Bf7 21. e4 a5 22. exd5 Bxd5 23. Bxb5 Qf7 24. c4 cxb5 25. cxd5 Rac8 26. Qd3 Qd7 27. Rc1 Rc4 28. b3 Rcc8 29. d6 Rfd8 30. Qd5+ Kh7 31. Qe6 Rc6 32. Qxd7 Rxc1+ 33. Rxc1 Rxd7 34. Rc7 Rd8 35. Kc2 Kg8 36. Kd3 Bf8 37. Rc6 Kf7 38. Kd4 Ke8 39. Kd5 h5 40. Ke6 h4 41. Bh2 Bg7 42. Rc7 Bf8 43. d7+ 1-0

[Event "Ruhrgebiet Verbandsliga Gruppe 1 1617"]
[Site "Germany"]
[Date "2016.12.18"]
[Round "5.5"]
[White "Schmidt, Ralph"]
[Black "Krabbe, Christian"]
[Result "0-1"]
[WhiteElo "1939"]
[BlackElo "1966"]
[PlyCount "70"]
[EventDate "2016.09.04"]
[EventType "team-tourn"]
[EventRounds "9"]
[EventCountry "GER"]
[SourceTitle "EXT 2022"]
[Source "ChessBase"]
[SourceDate "2021.10.06"]
[SourceVersion "1"]
[SourceVersionDate "2021.10.06"]
[SourceQuality "1"]
[WhiteTeam "Bochum-Linden"]
[BlackTeam "Kamen SV II"]
[WhiteTeamCountry "GER"]
[BlackTeamCountry "GER"]

1. e4 d6 2. d4 Nf6 3. Bd3 e5 4. c3 g6 5. Ne2 Bg7 6. 0-0 0-0 7. Na3 c6 8. Nc2 Nxe4 9. Bxe4 d5 10. Bxd5 Qxd5 11. dxe5 Qxd1 12. Rxd1 Bxe5 13. Bf4 Bf6 14. Ng3 Kg7 15. Re1 Nd7 16. Bd6 Rg8 17. Ne4 Be5 18. Rad1 Bxd6 19. Nxd6 Nc5 20. b4 Na4 21. c4 a5 22. Re7 Rf8 23. Nxb7 Ra7 24. Nd4 Kf6 25. Nxc6 Rxb7 26. Rxb7 Bxb7 27. Nxa5 Be4 28. f3 Bf5 29. c5 Nc3 30. Rd6+ Be6 31. a3 h5 32. Nb7 Ra8 33. c6 Nb5 34. Na5 Nxd6 35. a4 Ke7 0-1

[Event "Ruhrgebiet Regionalliga 1516"]
[Site "Germany"]
[Date "2016.04.10"]
[Round "8.6"]
[White "Schmidt, Ralph"]
[Black "Grodotzki, Kenneth"]
[Result "0-1"]
[WhiteElo "1890"]
[BlackElo "1985"]
[PlyCount "134"]
[EventDate "2015.09.13"]
[EventType "team-tourn"]
[EventRounds "9"]
[EventCountry "GER"]
[SourceTitle "EXT 2022"]
[Source "ChessBase"]
[SourceDate "2021.10.06"]
[SourceVersion "1"]
[SourceVersionDate "2021.10.06"]
[SourceQuality "1"]
[WhiteTeam "Bochum-Linden"]
[BlackTeam "Muelheim Nord III"]
[WhiteTeamCountry "GER"]
[BlackTeamCountry "GER"]

1. e4 e6 2. Nc3 d5 3. exd5 exd5 4. Qf3 Nf6 5. d4 Bg4 6. Qg3 Nc6 7. Bb5 Bd6 8. Bf4 0-0 9. Bxd6 cxd6 10. Nge2 a6 11. Bd3 Re8 12. f3 Bh5 13. 0-0 b5 14. Qh4 Bg6 15. Bxg6 hxg6 16. a3 Qb6 17. Rad1 a5 18. Nf4 Ne7 19. Rfe1 Qc6 20. Qf2 b4 21. Nb1 Qb7 22. Re3 Rec8 23. a4 Rc7 24. Re2 Qc6 25. b3 Qd7 26. Rde1 Nc6 27. g4 g5 28. Nh3 Nxg4 29. fxg4 Qxg4+ 30. Qg2 Qxg2+ 31. Kxg2 Nxd4 32. Re8+ Rxe8 33. Rxe8+ Kh7 34. Nxg5+ Kg6 35. h4 Rxc2+ 36. Kf1 Rb2 37. Re1 f6 38. Nh3 Nxb3 39. Kg1 Kf5 40. Nf2 Nc5 41. Rd1 Ke6 42. Nd2 Nxa4 43. Nd3 Ra2 44. Nf4+ Ke5 45. Nd3+ Kf5 46. Rf1+ Ke6 47. Nb3 Nc3 48. Nd4+ Kf7 49. Rf2 Rxf2 50. Kxf2 Ne4+ 51. Ke3 Nc5 52. Nc6 Nb3 53. Nf4 d4+ 54. Kd3 g5 55. hxg5 fxg5 56. Nd5 Ke6 57. Kc4 g4 58. Nf4+ Kf5 59. Ne2 Ke4 60. Ng3+ Kf3 61. Nh5 d3 62. Kxd3 Nc1+ 63. Kc2 Ne2 64. Nxa5 Nf4 65. Nf6 g3 66. Nc4 g2 67. Nd2+ Ke2 0-1

[Event "Ruhrgebiet Regionalliga 1516"]
[Site "Germany"]
[Date "2016.02.07"]
[Round "6.6"]
[White "Schmidt, Ralph"]
[Black "Ribbeheger, Edgar"]
[Result "1/2-1/2"]
[WhiteElo "1923"]
[BlackElo "2020"]
[PlyCount "63"]
[EventDate "2015.09.13"]
[EventType "team-tourn"]
[EventRounds "9"]
[EventCountry "GER"]
[SourceTitle "EXT 2022"]
[Source "ChessBase"]
[SourceDate "2021.10.06"]
[SourceVersion "1"]
[SourceVersionDate "2021.10.06"]
[SourceQuality "1"]
[WhiteTeam "Bochum-Linden"]
[BlackTeam "Sodingen/Castrop SK II"]
[WhiteTeamCountry "GER"]
[BlackTeamCountry "GER"]

1. e4 d6 2. d4 c6 3. Nf3 Nf6 4. Bd3 e5 5. c3 Nbd7 6. 0-0 Be7 7. Nbd2 0-0 8. Nc4 Qc7 9. h3 Re8 10. Qb3 h6 11. dxe5 dxe5 12. Qc2 b5 13. Ne3 Nc5 14. b4 Nxd3 15. Qxd3 Be6 16. Bb2 Nh5 17. Qc2 Rac8 18. a3 Nf4 19. c4 f6 20. c5 a5 21. h4 a4 22. g3 Bb3 23. Qb1 Ne2+ 24. Kg2 Rcd8 25. Nf5 Bf8 26. Qe1 Bc4 27. Ne3 Nd4 28. Nxc4 Nc2 29. Qc3 Nxa1 30. Nd6 Nb3 31. Nxe8 Rxe8 32. Rd1 1/2-1/2

[Event "Ruhrgebiet Regionalliga 1516"]
[Site "Germany"]
[Date "2015.09.13"]
[Round "1.7"]
[White "Schmidt, Ralph"]
[Black "Adiyaman, Rene"]
[Result "0-1"]
[WhiteElo "1925"]
[BlackElo "1997"]
[PlyCount "56"]
[EventDate "2015.09.13"]
[EventType "team-tourn"]
[EventRounds "9"]
[EventCountry "GER"]
[SourceTitle "EXT 2022"]
[Source "ChessBase"]
[SourceDate "2021.10.06"]
[SourceVersion "1"]
[SourceVersionDate "2021.10.06"]
[SourceQuality "1"]
[WhiteTeam "Bochum-Linden"]
[BlackTeam "Welper SV"]
[WhiteTeamCountry "GER"]
[BlackTeamCountry "GER"]

1. e4 e5 2. Nf3 Nc6 3. Bc4 Bc5 4. c3 Nf6 5. d3 0-0 6. Nbd2 a6 7. b4 Ba7 8. 0-0 d6 9. Re1 Ng4 10. Re2 Ne7 11. h3 Nf6 12. Bb3 Ng6 13. Nf1 Nh5 14. Be3 Nhf4 15. Rd2 Kh8 16. d4 f5 17. exf5 Bxf5 18. dxe5 Nxg2 19. Bg5 Qc8 20. Ne3 Be4 21. Bd5 Nxe3 22. Bxe3 Bxd5 23. Rxd5 Bxe3 24. fxe3 Qxh3 25. exd6 Rxf3 26. Rg5 Raf8 27. dxc7 Rf2 28. Qh5 Rf1+ 0-1

[Event "Ruhrgebiet Verbandsliga 1415 Aufstieg"]
[Site "Germany"]
[Date "2015.05.31"]
[Round "1.6"]
[White "Schmidt, Ralph"]
[Black "Berger, Konstantin"]
[Result "1/2-1/2"]
[WhiteElo "1906"]
[BlackElo "1976"]
[PlyCount "104"]
[EventDate "2015.05.31"]
[EventType "team-match"]
[EventRounds "1"]
[EventCountry "GER"]
[SourceTitle "EXT 2022"]
[Source "ChessBase"]
[SourceDate "2021.10.06"]
[SourceVersion "1"]
[SourceVersionDate "2021.10.06"]
[SourceQuality "1"]
[WhiteTeam "Bochum-Linden"]
[BlackTeam "Essen Werden"]
[WhiteTeamCountry "GER"]
[BlackTeamCountry "GER"]

1. e4 c5 2. Nc3 Nc6 3. d3 g6 4. Be3 d6 5. d4 cxd4 6. Bxd4 Nxd4 7. Qxd4 Nf6 8. e5 dxe5 9. Qxe5 Qd6 10. Bb5+ Bd7 11. Bxd7+ Qxd7 12. Rd1 Qf5 13. Nf3 Qxe5+ 14. Nxe5 Bg7 15. 0-0 Ne4 16. Nxe4 Bxe5 17. c3 f5 18. Nc5 b6 19. Na6 Rd8 20. Nb4 Rxd1 21. Rxd1 Bd6 22. Nc6 a5 23. a4 Kd7 24. Ne5+ Ke6 25. Nf3 h6 26. Nd4+ Kd7 27. Nb5 Rc8 28. Nxd6 exd6 29. Rd3 Re8 30. Kf1 Kc6 31. c4 Re5 32. b3 d5 33. cxd5+ Rxd5 34. Rc3+ Kd7 35. Ke2 b5 36. axb5 Rxb5 37. Rd3+ Ke6 38. h4 Rb4 39. g3 g5 40. hxg5 hxg5 41. f3 Ke5 42. Re3+ Kd5 43. Rd3+ Rd4 44. Rc3 f4 45. gxf4 gxf4 46. Ke1 Rb4 47. Ke2 a4 48. bxa4 Rxa4 49. Rd3+ Ke5 50. Rb3 Kd4 51. Rd3+ Ke5 52. Rb3 Kd4 1/2-1/2

[Event "Ruhrgebiet Verbandsliga Gruppe 1 1415"]
[Site "Germany"]
[Date "2015.03.01"]
[Round "7.8"]
[White "Schmidt, Ralph"]
[Black "Becker, Marco"]
[Result "1-0"]
[WhiteElo "1912"]
[BlackElo "1962"]
[PlyCount "97"]
[EventDate "2014.09.21"]
[EventType "team-tourn"]
[EventRounds "9"]
[EventCountry "GER"]
[SourceTitle "EXT 2022"]
[Source "ChessBase"]
[SourceDate "2021.10.06"]
[SourceVersion "1"]
[SourceVersionDate "2021.10.06"]
[SourceQuality "1"]
[WhiteTeam "Bochum-Linden"]
[BlackTeam "Horst Emscher"]
[WhiteTeamCountry "GER"]
[BlackTeamCountry "GER"]

1. e4 c6 2. Nc3 d5 3. Qf3 dxe4 4. Nxe4 Nd7 5. d4 Ngf6 6. Bc4 e6 7. Nxf6+ Nxf6 8. Ne2 Be7 9. 0-0 0-0 10. c3 Re8 11. Be3 Nd5 12. Rad1 Qc7 13. Bc1 Bd6 14. h3 b6 15. Bd3 Bb7 16. c4 Ne7 17. c5 bxc5 18. dxc5 Bxc5 19. Bxh7+ Kxh7 20. Qh5+ Kg8 21. Qxc5 Ba6 22. Rfe1 Rab8 23. Qa3 Bc4 24. Qc3 Bxe2 25. Rxe2 Nd5 26. Qc2 Qb6 27. Re4 Nf6 28. Rc4 Rbc8 29. Rd6 Qa5 30. b4 Qe5 31. Bf4 Qe1+ 32. Kh2 Nd5 33. Rcxc6 Ra8 34. Qd2 Qb1 35. Bg3 Red8 36. a3 Rxd6 37. Bxd6 Qe4 38. Qc2 Qd4 39. Rc8+ Rxc8 40. Qxc8+ Kh7 41. Qc5 Qf6 42. Qxa7 e5 43. Qc5 Qf4+ 44. g3 Qe4 45. b5 f5 46. Qc8 Qf3 47. Bc5 e4 48. Qe6 Nf4 49. Qxf5+ 1-0

[Event "Unna op"]
[Site "Unna"]
[Date "2014.12.29"]
[Round "6"]
[White "Tkachuk, Konstantyn"]
[Black "Schmidt, Ralph"]
[Result "1-0"]
[WhiteElo "2265"]
[BlackElo "1884"]
[PlyCount "65"]
[EventDate "2014.12.27"]
[EventType "swiss"]
[EventRounds "7"]
[EventCountry "GER"]
[SourceTitle "CBM 164 Extra"]
[Source "ChessBase"]
[SourceDate "2015.03.02"]
[SourceVersion "1"]
[SourceVersionDate "2015.03.02"]
[SourceQuality "1"]

1. e4 e5 2. Nf3 d6 3. d4 Nc6 4. dxe5 Nxe5 5. Be2 Nxf3+ 6. Bxf3 Be7 7. Nc3 Nf6 8. Be3 Be6 9. 0-0 0-0 10. h3 Nd7 11. Nd5 Ne5 12. Be2 Re8 13. f4 Bxd5 14. Qxd5 c6 15. Qb3 Nd7 16. Bc4 Rf8 17. Qxb7 c5 18. b3 Nb6 19. Be2 Bf6 20. Rad1 Re8 21. Bf3 Re7 22. Qc6 Rc8 23. Qb5 Qc7 24. Bf2 Rb8 25. Qe2 Rd8 26. c4 a5 27. Rd3 g6 28. Qd2 Rde8 29. Rxd6 Bc3 30. Qd3 f6 31. Rxb6 Qxb6 32. Qxc3 Rd7 33. e5 1-0

[Event "Unna op"]
[Site "Unna"]
[Date "2014.12.28"]
[Round "3"]
[White "Schmidt, Ralph"]
[Black "Naundorf, Maik"]
[Result "0-1"]
[WhiteElo "1884"]
[BlackElo "2145"]
[PlyCount "116"]
[EventDate "2014.12.27"]
[EventType "swiss"]
[EventRounds "7"]
[EventCountry "GER"]
[SourceTitle "CBM 164 Extra"]
[Source "ChessBase"]
[SourceDate "2015.03.02"]
[SourceVersion "1"]
[SourceVersionDate "2015.03.02"]
[SourceQuality "1"]

1. e4 c5 2. Nf3 g6 3. d4 cxd4 4. Nxd4 Nc6 5. Be3 Nf6 6. Nxc6 bxc6 7. Bd4 Bg7 8. Bd3 0-0 9. 0-0 d6 10. f3 c5 11. Bc3 Qb6 12. Kh1 Nd7 13. Bxg7 Kxg7 14. b3 Ne5 15. c4 Qb4 16. Bc2 Nc6 17. Qe1 Qxe1 18. Rxe1 Nd4 19. Bd3 e5 20. Nc3 Be6 21. Kg1 a5 22. Rab1 Rfb8 23. Red1 Rb7 24. Rd2 Bd7 25. Rdd1 Bc6 26. Kf2 Rb4 27. Ke3 a4 28. bxa4 Bxa4 29. Rxb4 cxb4 30. Nxa4 Rxa4 31. Rd2 Ra3 32. Rb2 Kf6 33. Kd2 h5 34. Bb1 Ra4 35. Bc2 Ra3 36. Bb1 Nc6 37. h4 Ke6 38. Bc2 f5 39. Ke2 f4 40. Bb3 Nd4+ 41. Kf2 Kf6 42. Bd1 g5 43. hxg5+ Kxg5 44. Ke1 h4 45. Rxb4 Rxa2 46. Rb8 h3 47. gxh3 Kh4 48. Rb6 Kg3 49. Rxd6 Nxf3+ 50. Bxf3 Kxf3 51. c5 Ke3 52. c6 f3 53. Rd1 Rc2 54. Kf1 Kxe4 55. Re1+ Kf4 56. h4 Rxc6 57. Ra1 e4 58. Ra4 Rh6 0-1

[Event "NRW Verbandsliga Group2 1314"]
[Site "Nordrheinwestfalen"]
[Date "2013.11.03"]
[Round "3"]
[White "Jerig, Markus"]
[Black "Schmidt, Ralph"]
[Result "1/2-1/2"]
[WhiteElo "1697"]
[BlackElo "1874"]
[PlyCount "62"]
[EventDate "2013.09.08"]
[EventType "team-tourn"]
[EventRounds "9"]
[EventCountry "GER"]
[SourceTitle "EXT 2020"]
[Source "ChessBase"]
[SourceDate "2019.10.17"]
[SourceVersion "1"]
[SourceVersionDate "2019.10.17"]
[SourceQuality "1"]
[WhiteTeam "Osterfeld Schwarze Dame"]
[BlackTeam "Bochum-Linden"]
[WhiteTeamCountry "GER"]
[BlackTeamCountry "GER"]

1. c4 c5 2. Nc3 Nc6 3. g3 b6 4. Bg2 Bb7 5. d3 e6 6. e4 Nge7 7. Nge2 a6 8. 0-0 g6 9. Bg5 Bg7 10. Qd2 Nd4 11. Rab1 Nxe2+ 12. Nxe2 h6 13. Be3 d5 14. f4 dxc4 15. dxc4 Qxd2 16. Bxd2 Rd8 17. Be3 Rd3 18. Bf2 0-0 19. b4 Rd2 20. Nc1 cxb4 21. Rxb4 b5 22. cxb5 axb5 23. Be3 Rd7 24. Bc5 Rfd8 25. Bxe7 Rxe7 26. e5 Bf8 27. Rb2 Rdd7 28. Bxb7 Rxb7 29. Nb3 b4 30. Rc2 Ra7 31. Kg2 Ra8 1/2-1/2

[Event "Ruhrgebiet Verbandsliga1 1213"]
[Site "Nordrheinwestfalen"]
[Date "2013.04.07"]
[Round "8"]
[White "Canzler, Harald"]
[Black "Schmidt, Ralph"]
[Result "1-0"]
[WhiteElo "2009"]
[BlackElo "1918"]
[PlyCount "55"]
[EventDate "2012.09.02"]
[EventType "team-tourn"]
[EventRounds "9"]
[EventCountry "GER"]
[SourceTitle "EXT 2020"]
[Source "ChessBase"]
[SourceDate "2019.10.17"]
[SourceVersion "1"]
[SourceVersionDate "2019.10.17"]
[SourceQuality "1"]
[WhiteTeam "Dortmund SV"]
[BlackTeam "Bochum-Linden-Dahlhausen"]
[WhiteTeamCountry "GER"]
[BlackTeamCountry "GER"]

1. c4 c5 2. g3 Nc6 3. Bg2 Nf6 4. Nc3 e6 5. Nf3 d5 6. cxd5 exd5 7. d4 cxd4 8. Nxd4 Bb4 9. 0-0 Bxc3 10. bxc3 h6 11. Ba3 Ne7 12. Qa4+ Bd7 13. Qb4 Bc6 14. Nxc6 bxc6 15. Qb7 Nfg8 16. Bh3 f5 17. Rab1 g5 18. c4 Kf7 19. Bxf5 Kf6 20. Bd3 Ke6 21. cxd5+ cxd5 22. Rfc1 Rc8 23. Qxa7 Ra8 24. Qe3+ Kf7 25. Qe5 Nf6 26. Bxe7 Qxe7 27. Rc7 Nd7 28. Qxd5+ 1-0

[Event "Ruhrgebiet Verbandsliga1 1112"]
[Site "Nordrheinwestfalen"]
[Date "2012.04.22"]
[Round "9.5"]
[White "Imcke, Patrick"]
[Black "Schmidt, Ralph"]
[Result "1-0"]
[WhiteElo "1821"]
[BlackElo "1945"]
[PlyCount "41"]
[EventDate "2012.09.18"]
[EventType "team-tourn"]
[EventRounds "9"]
[EventCountry "GER"]
[SourceTitle "EXT 2020"]
[Source "ChessBase"]
[SourceDate "2019.10.17"]
[SourceVersion "1"]
[SourceVersionDate "2019.10.17"]
[SourceQuality "1"]
[WhiteTeam "Katernberg SF III"]
[BlackTeam "Bochum-Linden-Dahlhausen"]
[WhiteTeamCountry "GER"]
[BlackTeamCountry "GER"]

1. e4 e5 2. Nf3 Nc6 3. Nc3 Bc5 4. Nxe5 Nxe5 5. d4 Bd6 6. dxe5 Bxe5 7. Bc4 d6 8. 0-0 Nh6 9. Bxh6 gxh6 10. Qh5 Qd7 11. Qxh6 Rg8 12. f4 Bd4+ 13. Kh1 Qg4 14. g3 Bg7 15. Qg5 Qh3 16. Nd5 f6 17. Nxf6+ Bxf6 18. Qxg8+ Kd7 19. Qf7+ Be7 20. f5 Qg4 21. Rf4 1-0

[Event "Ruhrgebiet Verbandsliga1 1112"]
[Site "Nordrheinwestfalen"]
[Date "2012.03.04"]
[Round "7.6"]
[White "Schmidt, Ralph"]
[Black "Grodotzki, Kenneth"]
[Result "0-1"]
[WhiteElo "1945"]
[BlackElo "1923"]
[PlyCount "58"]
[EventDate "2012.09.18"]
[EventType "team-tourn"]
[EventRounds "9"]
[EventCountry "GER"]
[SourceTitle "EXT 2020"]
[Source "ChessBase"]
[SourceDate "2019.10.17"]
[SourceVersion "1"]
[SourceVersionDate "2019.10.17"]
[SourceQuality "1"]
[WhiteTeam "Bochum-Linden-Dahlhausen"]
[BlackTeam "Muelheim Nord III"]
[WhiteTeamCountry "GER"]
[BlackTeamCountry "GER"]

1. e4 c5 2. Nf3 Nc6 3. d4 cxd4 4. Nxd4 Nf6 5. f3 g6 6. c3 Bg7 7. Be3 0-0 8. Bd3 d5 9. Nd2 e5 10. N4b3 Be6 11. 0-0 Qc7 12. Qe2 Rad8 13. Qf2 b6 14. h3 Nh5 15. exd5 Bxd5 16. Be4 f5 17. Bxd5+ Rxd5 18. f4 exf4 19. Bxf4 Nxf4 20. Qxf4 Qxf4 21. Rxf4 Bh6 22. Rc4 Ne5 23. Rc7 Bxd2 24. Nxd2 Rxd2 25. Rxa7 Rxb2 26. Re7 Re2 27. Rb7 Rd8 28. Kh2 Rdd2 29. Kg3 g5 0-1

[Event "Ruhrgebiet Verbandsliga1 1112"]
[Site "Nordrheinwestfalen"]
[Date "2012.02.12"]
[Round "6.6"]
[White "Schriewer, Thomas"]
[Black "Schmidt, Ralph"]
[Result "1-0"]
[WhiteElo "1948"]
[BlackElo "1945"]
[PlyCount "103"]
[EventDate "2012.09.18"]
[EventType "team-tourn"]
[EventRounds "9"]
[EventCountry "GER"]
[SourceTitle "EXT 2020"]
[Source "ChessBase"]
[SourceDate "2019.10.17"]
[SourceVersion "1"]
[SourceVersionDate "2019.10.17"]
[SourceQuality "1"]
[WhiteTeam "Herne Sodingen II"]
[BlackTeam "Bochum-Linden-Dahlhausen"]
[WhiteTeamCountry "GER"]
[BlackTeamCountry "GER"]

1. d4 g6 2. c4 Bg7 3. Nc3 e6 4. e4 Ne7 5. Nf3 d5 6. Be3 dxe4 7. Nxe4 0-0 8. Qd2 Nf5 9. Bg5 f6 10. Bf4 g5 11. Be3 g4 12. Ng1 Nc6 13. Rd1 Nxe3 14. fxe3 f5 15. Nf2 Bh6 16. Ne2 Qg5 17. Nf4 Rd8 18. Qc3 Bf8 19. a3 Bd6 20. g3 e5 21. d5 exf4 22. gxf4 Qe7 23. dxc6 bxc6 24. c5 Re8 25. Bc4+ Be6 26. cxd6 cxd6 27. Bxe6+ Qxe6 28. 0-0 Rab8 29. Qxc6 Rxb2 30. Qxd6 Qxd6 31. Rxd6 Rxe3 32. Rd8+ Kf7 33. Rd7+ Re7 34. Rxe7+ Kxe7 35. Rc1 Kd6 36. Rc4 h5 37. Ra4 h4 38. Rxa7 Rb1+ 39. Kg2 h3+ 40. Nxh3 gxh3+ 41. Kxh3 Kd5 42. Kh4 Rg1 43. h3 Ke4 44. Ra4+ Kf3 45. Rb4 Ra1 46. Kg5 Rxa3 47. h4 Ra5 48. h5 Rc5 49. h6 Ra5 50. Rb8 Ra7 51. Rf8 Ra1 52. h7 1-0

[Event "Ruhrgebiet Verbandsliga1 1112"]
[Site "Nordrheinwestfalen"]
[Date "2012.01.08"]
[Round "5.7"]
[White "Schlenter, Ruediger"]
[Black "Schmidt, Ralph"]
[Result "0-1"]
[WhiteElo "1840"]
[BlackElo "1945"]
[PlyCount "26"]
[EventDate "2012.09.18"]
[EventType "team-tourn"]
[EventRounds "9"]
[EventCountry "GER"]
[SourceTitle "EXT 2020"]
[Source "ChessBase"]
[SourceDate "2019.10.17"]
[SourceVersion "1"]
[SourceVersionDate "2019.10.17"]
[SourceQuality "1"]
[WhiteTeam "Essen Ueberruhr"]
[BlackTeam "Bochum-Linden-Dahlhausen"]
[WhiteTeamCountry "GER"]
[BlackTeamCountry "GER"]

1. c4 g6 2. g3 Bg7 3. Bg2 e6 4. Nc3 Ne7 5. d4 d5 6. cxd5 Nxd5 7. Nxd5 exd5 8. Nf3 Nc6 9. Bf4 Bg4 10. e3 Bxf3 11. Bxf3 g5 12. Qb3 gxf4 13. Bxd5 0-0 0-1

[Event "Herne-ch 14th"]
[Site "Herne"]
[Date "2011.03.29"]
[Round "7"]
[White "Schmidt, Ralph"]
[Black "Klinke, Werner"]
[Result "1/2-1/2"]
[WhiteElo "1844"]
[BlackElo "1923"]
[PlyCount "114"]
[EventDate "2011.02.07"]
[EventType "swiss"]
[EventRounds "7"]
[EventCountry "GER"]
[SourceTitle "EXT 2014"]
[Source "ChessBase"]
[SourceDate "2013.11.20"]
[SourceVersion "1"]
[SourceVersionDate "2013.11.20"]
[SourceQuality "1"]

1. e4 c5 2. Nf3 Nc6 3. d4 cxd4 4. Nxd4 d6 5. Be3 Nf6 6. Nd2 g6 7. Be2 Bg7 8. c3 0-0 9. 0-0 Qc7 10. Nb5 Qd7 11. f3 b6 12. Nb3 a6 13. N5d4 Bb7 14. Nxc6 Qxc6 15. Nd4 Qc7 16. Qb3 Nd7 17. Rfd1 Rac8 18. Bf1 Ne5 19. Nc2 Nc4 20. Bxc4 Qxc4 21. Qxc4 Rxc4 22. Bxb6 Rb8 23. Ba7 Ra8 24. Bd4 Rb8 25. Bxg7 Kxg7 26. Ne3 Rc7 27. Rd2 a5 28. c4 Bc6 29. b3 a4 30. Rb1 Rcb7 31. Rdb2 axb3 32. axb3 Ra7 33. b4 Rba8 34. e5 Kf8 35. exd6 exd6 36. Rd1 Ra1 37. Rbd2 Rxd1+ 38. Rxd1 Ke7 39. Nd5+ Bxd5 40. Rxd5 Ra2 41. c5 dxc5 42. Rxc5 Kd7 43. h4 Rb2 44. Rb5 h5 45. Kh2 Kd6 46. Kh3 Ke7 47. Rb8 Kf6 48. b5 Rb3 49. b6 Kf5 50. Kg3 Rb4 51. Kf2 Rb3 52. b7 Rb2+ 53. Ke3 Rb3+ 54. Kd4 Rb1 55. Kc5 Kf6 56. Kc6 Rc1+ 57. Kd5 Rb1 1/2-1/2

[Event "Herne-ch 14th"]
[Site "Herne"]
[Date "2011.03.21"]
[Round "6"]
[White "Schmidt, Ralph"]
[Black "Wickenfeld, Stefan"]
[Result "0-1"]
[WhiteElo "1844"]
[BlackElo "1987"]
[PlyCount "42"]
[EventDate "2011.02.07"]
[EventType "swiss"]
[EventRounds "7"]
[EventCountry "GER"]
[SourceTitle "EXT 2014"]
[Source "ChessBase"]
[SourceDate "2013.11.20"]
[SourceVersion "1"]
[SourceVersionDate "2013.11.20"]
[SourceQuality "1"]

1. e4 d5 2. exd5 Nf6 3. d4 Nxd5 4. Nf3 Bf5 5. c3 e6 6. Bd3 Bxd3 7. Qxd3 c5 8. 0-0 Nc6 9. Nbd2 Be7 10. Ne4 cxd4 11. Nxd4 Qb6 12. Nxc6 Qxc6 13. Qg3 f5 14. Qxg7 0-0-0 15. c4 Qxc4 16. Ng5 Rhe8 17. Qh6 Nf4 18. Be3 Kb8 19. Nf3 Nxg2 20. Bd4 Rg8 21. Kh1 Qd5 0-1